[Event "VII Famalicao Open 2019"]
[Site "Famalicao"]
[Date "2019.07.30"]
[Round "4.13"]
[White "Tadevosyan, Aspet"]
[Black "Da Silva, Tiago Henrique Amaro"]
[Result "1-0"]
[WhiteElo "2144"]
[BlackElo "2080"]
[Annotator "ChessBase"]
[PlyCount "59"]
[EventDate "2019.07.28"]
[EventType "swiss"]
[EventCountry "POR"]
[SourceTitle "playchess.com"]
[Source "ChessBase"]
[SourceQuality "1"]
[TimeControl "5400+30"]

1. d4 {[%emt 0:02:20]} d5 {[%emt 0:00:54]} 2. c4 {[%emt 0:00:09]} e6 {[%emt 0:00:03]} 3. Nc3 {[%emt 0:00:04]} Nf6 {[%emt 0:00:04]} 4. cxd5 {[%emt 0:00:06]} exd5 {[%emt 0:01:48]} 5. Bg5 {[%emt 0:01:05]} Be7 {[%emt 0:03:34]} 6. e3 {[%emt 0:00:20]} c6 {[%emt 0:01:13]} 7. Bd3 {[%emt 0:00:26]} O-O {[%emt 0:00:52]} 8. Nge2 {[%emt 0:01:12]} Nbd7 {[%emt 0:03:32]} 9. Qc2 {[%emt 0:00:30]} Re8 {[%emt 0:02:40]} 10. O-O {[%emt 0:00:37]} Nf8 {[%emt 0:05:43]} 11. f3 {[%emt 0:02:06]} g6 {[%emt 0:10:56]} 12. Rae1 {[%emt 0:05:43]} Ne6 {[%emt 0:05:43]} 13. Bh4 {[%emt 0:00:26]} a6 {[%emt 0:12:11]} 14. Bf2 {[%emt 0:09:56]} c5 {[%emt 0:05:04]} 15. dxc5 {[%emt 0:01:14]} Nxc5 {[%emt 0:05:29]} 16. Nd4 {[%emt 0:00:34]} b5 {[%emt 0:05:08]} 17. Nc6 {[%emt 0:07:04]} Qc7 {[%emt 0:00:37]} 18. Nxe7+ {[%emt 0:00:19]} Qxe7 {[%emt 0:01:05]} 19. Ne2 {[%emt 0:15:56]} Nxd3 {[%emt 0:04:19]} 20. Qxd3 {[%emt 0:00:35]} Bf5 {[%emt 0:03:56]} 21. Qd2 {[%emt 0:02:00]} Rac8 {[%emt 0:04:54]} 22. Nd4 {[%emt 0:00:27]} Bd7 {[%emt 0:01:04]} 23. Qa5 {[%emt 0:01:27]} Kg7 {[%emt 0:03:25]} 24. Rc1 {[%emt 0:01:13]} Rxc1 {[%emt 0:06:18]} 25. Rxc1 {[%emt 0:00:15]} Rc8 {[%emt 0:00:03]} 26. Re1 {[%emt 0:04:17]} Qd8 {[%emt 0:03:10]} 27. Qxa6 {[%emt 0:02:22]} Ra8 {[%emt 0:01:10]} 28. Qd6 {[%emt 0:00:11]} Rxa2 {[%emt 0:02:50]} 29. Bh4 {[%emt 0:00:36]} Ne8 {[%emt 0:02:37]} 30. Qe5+ {[%emt 0:00:29]} 1-0

[Event "VII Famalicao Open 2019"]
[Site "Famalicao"]
[Date "2019.07.30"]
[Round "4.14"]
[White "Andrade, Ricardo Sarmento"]
[Black "Rodrigues, Afonso"]
[Result "0-1"]
[WhiteElo "1744"]
[BlackElo "2134"]
[Annotator "ChessBase"]
[PlyCount "84"]
[EventDate "2019.07.28"]
[EventType "swiss"]
[EventCountry "POR"]
[SourceTitle "playchess.com"]
[Source "ChessBase"]
[SourceQuality "1"]
[TimeControl "5400+30"]

1. d4 {[%emt 0:06:31]} d5 {[%emt 0:08:41]} 2. c4 {[%emt 0:00:08]} c6 {[%emt 0:00:07]} 3. cxd5 {[%emt 0:00:05]} cxd5 {[%emt 0:00:06]} 4. Nc3 {[%emt 0:00:05]} Nf6 {[%emt 0:00:24]} 5. Bf4 {[%emt 0:00:07]} Nc6 {[%emt 0:02:02]} 6. e3 {[%emt 0:00:07]} a6 {[%emt 0:00:59]} 7. Be2 {[%emt 0:00:16]} Bf5 {[%emt 0:05:08]} 8. Nf3 {[%emt 0:00:53]} e6 {[%emt 0:01:25]} 9. Qb3 {[%emt 0:01:34]} Bb4 {[%emt 0:03:37]} 10. a3 {[%emt 0:02:50]} Bxc3+ {[%emt 0:17:36]} 11. bxc3 {[%emt 0:01:05]} Qe7 {[%emt 0:02:30]} 12. c4 {[%emt 0:03:21]} dxc4 {[%emt 0:03:22]} 13. Qxc4 {[%emt 0:01:11]} O-O {[%emt 0:01:56]} 14. O-O {[%emt 0:00:08]} Rfc8 {[%emt 0:03:44]} 15. Rfc1 {[%emt 0:02:05]} Nd5 {[%emt 0:09:26]} 16. Bg3 {[%emt 0:01:49]} b5 {[%emt 0:09:32]} 17. Qa2 {[%emt 0:02:37]} Na5 {[%emt 0:03:11]} 18. Qb2 {[%emt 0:02:17]} Nb6 19. Qb4 {[%emt 0:08:21]} Qxb4 {[%emt 0:04:11]} 20. axb4 {[%emt 0:00:08]} Nb3 {[%emt 0:01:22]} 21. Rxc8+ {[%emt 0:00:26]} Rxc8 {[%emt 0:00:02]} 22. Re1 {[%emt 0:00:35]} Nc1 {[%emt 0:04:14]} 23. Bd6 {[%emt 0:08:06]} Rc2 {[%emt 0:00:14]} 24. Bf1 {[%emt 0:02:56]} Bd3 {[%emt 0:02:36]} 25. Bc5 {[%emt 0:05:37]} Nd5 {[%emt 0:00:38]} 26. h3 {[%emt 0:02:02]} Bxf1 {[%emt 0:06:06]} 27. Rxf1 {[%emt 0:01:35]} Ne2+ {[%emt 0:01:33]} 28. Kh2 Rc1 {[%emt 0:00:02]} 29. Rxc1 {[%emt 0:01:29]} Nxc1 {[%emt 0:01:24]} 30. Ne5 {[%emt 0:01:00]} f6 {[%emt 0:00:30]} 31. Nc6 {[%emt 0:00:30]} Nd3 {[%emt 0:00:19]} 32. e4 {[%emt 0:06:32]} Nc3 {[%emt 0:00:37]} 33. f3 {[%emt 0:01:00]} f5 {[%emt 0:00:30]} 34. exf5 {[%emt 0:00:30]} exf5 {[%emt 0:00:01]} 35. Ne7+ {[%emt 0:06:00]} Kf7 {[%emt 0:00:02]} 36. Nxf5 {[%emt 0:00:07]} Nd5 {[%emt 0:00:26]} 37. Nd6+ {[%emt 0:02:48]} Ke6 {[%emt 0:00:22]} 38. Ne8 {[%emt 0:00:52]} g6 {[%emt 0:00:10]} 39. g3 {[%emt 0:02:18]} N5xb4 {[%emt 0:00:47]} 40. Bb6 {[%emt 0:01:50]} Nd5 {[%emt 0:00:26]} 41. Nc7+ {[%emt 0:08:59]} Nxc7 {[%emt 0:00:08]} 42. Bxc7 {[%emt 0:00:01]} b4 {[%emt 0:00:11]} 0-1

[Event "VII Famalicao Open 2019"]
[Site "Famalicao"]
[Date "2019.07.31"]
[Round "5.1"]
[White "Cori T., Deysi"]
[Black "Grigoryan, Karen H."]
[Result "0-1"]
[WhiteElo "2405"]
[BlackElo "2549"]
[Annotator "TA"]
[PlyCount "34"]
[EventDate "2019.07.28"]
[EventType "swiss"]
[EventCountry "POR"]
[SourceTitle "playchess.com"]
[Source "ChessBase"]
[SourceQuality "1"]

{[%evp 9,72,17,21,22,41,23,22,24,18,25,53,40,41,23,48,0,25,-16,-19,-13,-27,-126,-133,-120,-137,-131,-130,-175,-173,-164,-164,-172,-177,-148,-110,-173,-160,-170,-179,-176,-146,-167,-160,-163,-66,-60,-53,-292,-265,-287,-292,-308,-308,-309,-302,-538,-531,-523,-520,-1433,-1433,-6775,-6519,-5589,-5589]} 1. d4 d6 2. Nf3 Bg4 3. Nbd2 Nd7 4. c3 (4. h3 Bh5 5. g4 Bg6 6. Bg2 c6 7. e4 e5 8. c3 Qc7 9. Nh4 Be7 10. Nf5 Bxf5 11. exf5 d5 12. O-O h5 {1-0 (29) Laznicka,V (2666)-Plat,V (2496) Prague 2016}) 4... c6 5. Qb3 Qc7 6. e4 {A41: 1 d4 d6: Tartakower System and Modern Defence} Ngf6 7. Be2 {Hoping for Ng5.} e6 8. O-O {The position is equal.} Be7 9. Re1 $146 ({Predecessor:} 9. Qc2 O-O 10. Re1 c5 11. dxc5 Nxc5 {1-0 (49) Dambrauskas,V (2336)-Bendel,R (2177) Gelsenkirchen 2000}) 9... O-O 10. h3 Bh5 11. a4 Rfc8 12. Bd1 (12. g4 $5 {[%cal Rg4h5]} Bg6 13. Nh4 $11) 12... d5 13. c4 (13. e5 $5 {[%cal Re5f6]} Ne8 14. Bc2 $11) 13... dxe4 14. Nxe4 c5 15. Ng3 (15. Nxc5 $11 Nxc5 16. dxc5) 15... Bxf3 $1 $17 16. Bxf3 cxd4 17. Qxb7 Qd8 {Played: Qc7-a5} 0-1

[Event "VII Famalicao Open 2019"]
[Site "Famalicao"]
[Date "2019.07.31"]
[Round "5.2"]
[White "Martinez Duany, Lelys Stanley"]
[Black "Petkov, Vladimir"]
[Result "0-1"]
[WhiteElo "2535"]
[BlackElo "2497"]
[Annotator "TA"]
[PlyCount "32"]
[EventDate "2019.07.28"]
[EventType "swiss"]
[EventCountry "POR"]
[SourceTitle "playchess.com"]
[Source "ChessBase"]
[SourceQuality "1"]

{[%evp 13,70,33,54,66,74,35,38,25,26,20,22,6,19,2,12,0,0,0,0,0,0,0,0,0,0,-43,0,-45,-37,-132,-132,-183,-170,-172,-184,-174,-170,-166,-168,-265,-207,-365,-337,-393,-385,-558,-504,-511,-504,-572,-550,-938,-952,-29986,-29987,-29987,-29987,-29994,-29995]} 1. e4 e5 2. Nf3 Nc6 3. Bb5 g6 4. c3 d6 5. d4 Bd7 6. O-O Bg7 7. Bg5 f6 8. Be3 {C60: Ruy Lopez: Unusual Black 3rd moves and 3...g6} Nh6 9. dxe5 fxe5 (9... dxe5 10. Bc4 Qe7 11. b4 b6 12. Qb3 Nf7 13. Rd1 Ncd8 14. Qc2 O-O 15. Nbd2 Kh8 {0-1 (53) Kevlishvili,R (2451)-Van Foreest,J (2614) Skopje 2018}) 10. Bc4 $146 {White is slightly better.} ({Predecessor:} 10. h3 Nf7 11. c4 O-O 12. c5 Nd4 13. Bxd7 Qxd7 14. Nxd4 exd4 15. Bxd4 dxc5 16. Bxg7 Qxd1 17. Rxd1 Kxg7 18. Nc3 Rad8 19. Rd5 Rxd5 20. Nxd5 c6 21. Ne3 Ne5 {½-½ (21) Faizulaev,A (2314)-Gasanov,E (2469) Gurgaon 2014}) 10... Ng4 11. Bg5 Nf6 12. b4 Qe7 13. Nbd2 Nd8 14. Bd5 h6 15. Nh4 hxg5 16. Nxg6 {[%mdl 64] [#] Double Attack} Bg4 {Played: Nf6xd5} 0-1

[Event "VII Famalicao Open 2019"]
[Site "Famalicao"]
[Date "2019.07.31"]
[Round "5.3"]
[White "Spraggett, Kevin"]
[Black "Campora, Daniel H."]
[Result "1-0"]
[WhiteElo "2511"]
[BlackElo "2420"]
[Annotator "TA"]
[PlyCount "75"]
[EventDate "2019.07.28"]
[EventType "swiss"]
[EventCountry "POR"]
[SourceTitle "playchess.com"]
[Source "ChessBase"]
[SourceQuality "1"]

{[%evp 13,75,2,12,0,15,0,0,0,0,0,0,0,0,0,41,0,2,-19,6,0,0,-27,-8,-15,-6,0,59,58,51,49,63,68,63,52,46,64,67,56,136,91,99,95,95,88,91,17,12,4,94,0,0,0,8,0,117,66,56,0,110,134,161,61,85,80]} 1. d4 Nf6 2. Nf3 e6 3. c4 b6 4. Nc3 Bb7 5. a3 d5 6. cxd5 Nxd5 7. Qc2 Be7 8. Nxd5 {E12: Queen's Indian: Unusual White 4th moves, 4 a3, 4 Nc3 Bb7 5 a3 and 4 Nc3 Bb7} exd5 9. g3 O-O 10. Bg2 {The position is equal.} Nd7 {[%cal Bb8d7,Bd7f6,Bf6g4][%mdl 32]} 11. O-O c5 12. dxc5 bxc5 13. Rd1 Nf6 $146 ({Predecessor:} 13... Qb6 14. Bg5 Bxg5 15. Nxg5 Nf6 {½-½ (33) Lputian,S (2555)-Groszpeter,A (2495) Saint John 1988}) 14. Bf4 Qb6 15. e3 Rfd8 16. Be5 a5 17. b3 Rac8 18. Nd2 Ng4 19. Bb2 d4 (19... f6 $11) 20. Nc4 $14 Qa7 21. Bxb7 Qxb7 22. exd4 cxd4 23. Rxd4 Rxd4 24. Bxd4 a4 25. b4 $1 (25. bxa4 $6 Qa6 $15) 25... Qa6 (25... h5 $14) 26. Rc1 Qh6 {[#]} 27. h4 $1 Qe6 28. Qd3 h5 29. Bb2 ({White should play} 29. Rc2 $16) 29... Rd8 $1 $11 {[%cal Rd8d3]} 30. Qf3 Rd5 (30... Bf8 $11) 31. Rf1 (31. Ne3 $16 Rd3 32. Rc3) 31... Rf5 32. Qd3 Rd5 33. Qc2 $40 {[%mdl 128] White has some attack.} g5 (33... Rd8 $11) 34. hxg5 ({Don't play} 34. Qxa4 $6 Rd8 $11) (34. f3 $16 Nf6 35. Qf2 (35. Qxa4 Qh3 $11 {[%mdl 64] Double Attack}) 35... gxh4 36. Re1 (36. gxh4 Kf8 $16)) 34... Bxg5 $14 35. Bc1 (35. Qc3 $1 $14 Bf6 36. Qe1) 35... Rd4 (35... Bf6 $11 {remains equal.}) 36. Bxg5 $16 Rxc4 37. Qd1 (37. Qxa4 $18 {Hoping for Qa8+.} Ne5 38. Qa8+ Rc8 39. Qe4) 37... Qf5 38. Bf4 {Accuracy: White = 53%, Black = 44%.} 1-0

[Event "VII Famalicao Open 2019"]
[Site "Famalicao"]
[Date "2019.07.31"]
[Round "5.4"]
[White "Vassallo Barroche, Mauricio"]
[Black "Galego, Luis"]
[Result "1/2-1/2"]
[WhiteElo "2380"]
[BlackElo "2513"]
[Annotator "ChessBase"]
[PlyCount "30"]
[EventDate "2019.07.28"]
[EventType "swiss"]
[EventCountry "POR"]
[SourceTitle "playchess.com"]
[Source "ChessBase"]
[SourceQuality "1"]
[TimeControl "5400+30"]

1. d4 {[%emt 0:00:00]} Nf6 {[%emt 0:00:00]} 2. c4 {[%emt 0:00:00]} e6 {[%emt 0:00:00]} 3. Nf3 {[%emt 0:00:00]} d5 {[%emt 0:00:08]} 4. g3 {[%emt 0:00:00]} Bb4+ {[%emt 0:00:16]} 5. Bd2 {[%emt 0:00:00]} Be7 {[%emt 0:00:16]} 6. Bg2 {[%emt 0:00:00]} c6 {[%emt 0:00:23]} 7. Qc2 {[%emt 0:00:04]} O-O {[%emt 0:00:16]} 8. O-O {[%emt 0:00:06]} b6 {[%emt 0:00:31]} 9. Bf4 {[%emt 0:00:06]} Bb7 {[%emt 0:00:18]} 10. Rd1 {[%emt 0:00:08]} Nh5 {[%emt 0:00:19]} 11. Bc1 {[%emt 0:00:08]} Nf6 {[%emt 0:00:05]} 12. Bf4 {[%emt 0:00:07]} Nh5 {[%emt 0:00:05]} 13. Bc1 {[%emt 0:00:04]} Nf6 {[%emt 0:00:05]} 14. Bf4 {[%emt 0:00:03]} Nh5 {[%emt 0:00:05]} 15. Bc1 Nf6 1/2-1/2

[Event "VII Famalicao Open 2019"]
[Site "Famalicao"]
[Date "2019.07.31"]
[Round "5.5"]
[White "Damaso, Rui"]
[Black "Fernandes, Miguel"]
[Result "1-0"]
[WhiteElo "2425"]
[BlackElo "2118"]
[Annotator "TA"]
[PlyCount "83"]
[EventDate "2019.07.28"]
[EventType "swiss"]
[EventCountry "POR"]
[SourceTitle "playchess.com"]
[Source "ChessBase"]
[SourceQuality "1"]

{[%evp 9,83,19,41,4,18,24,44,14,39,15,33,23,35,0,30,24,31,32,41,29,49,18,39,40,42,36,36,23,67,32,20,20,54,12,36,43,83,83,89,84,79,63,85,100,160,137,133,125,132,125,128,135,143,141,151,99,144,162,140,155,206,206,281,274,402,396,509,517,510,502,520,511,506,505,574,561]} 1. e4 c6 2. Nf3 d5 3. Nc3 dxe4 4. Nxe4 Nf6 5. Qe2 Bg4 6. d3 {B11: Caro-Kann: Two Knights Variation} e6 7. h3 Bh5 8. Nxf6+ {White is slightly better.} gxf6 9. Bd2 Nd7 $146 ({Predecessor:} 9... Na6 10. a3 Nc5 11. g4 Bg6 12. Nh4 Bd6 13. Bg2 {½-½ (30) Bacrot,E (2722)-Bauer,C (2625) chess.com INT 2018}) 10. g4 Bg6 11. Nh4 Qc7 12. O-O-O Bd6 13. Kb1 O-O-O 14. Bg2 Kb8 15. Rhf1 e5 16. Be4 Nc5 17. f3 Ne6 18. c3 Rhe8 19. Be3 Bc5 20. Bc1 Ka8 21. Qc2 Re7 22. Nf5 Bxf5 23. Bxf5 Rh8 24. Bh6 Ree8 25. d4 Bf8 26. Bc1 h5 (26... exd4 $142 27. cxd4 Rd8) 27. d5 cxd5 28. Rxd5 hxg4 29. Bxg4 Be7 30. Rfd1 Rd8 31. Qa4 Rxd5 32. Rxd5 {[#] Strongly threatening Rd7.} Rd8 33. Rxd8+ Qxd8 34. Bf5 Bc5 (34... Kb8 $16 {was called for.} 35. Qg4 Qh8) 35. h4 $40 {[%mdl 128] White has strong attack.} Ng7 36. Bc2 Kb8 (36... f5 $142 37. Qc4 Bf8 38. Qxf7 f4) 37. Qc4 Qe7 38. Qg4 {White is clearly winning.} Ne6 39. h5 Ng5 40. h6 {[#] And now Bxg5 would win.} Qd8 41. h7 Be7 42. Qh5 {Accuracy: White = 64%, Black = 42%.} 1-0

[Event "VII Famalicao Open 2019"]
[Site "Famalicao"]
[Date "2019.07.31"]
[Round "5.6"]
[White "Fernandes, Antonio"]
[Black "Pintor, Simao"]
[Result "0-1"]
[WhiteElo "2376"]
[BlackElo "2082"]
[Annotator "TA"]
[PlyCount "68"]
[EventDate "2019.07.28"]
[EventType "swiss"]
[EventCountry "POR"]
[SourceTitle "playchess.com"]
[Source "ChessBase"]
[SourceQuality "1"]

{[%evp 19,97,43,59,0,19,13,37,33,47,46,81,45,67,18,28,-8,95,34,43,43,41,38,38,37,31,34,61,60,48,48,90,89,113,71,70,57,77,85,79,86,66,-161,-159,-408,-399,-379,-385,-371,-348,-349,-360,-497,-500,-489,-485,-503,-500,-556,-566,-556,-545,-599,-612,-1069,-1062,-1065,-1036,-1329,-1262,-12704,-1123,-1704,-1569,-6087,-6134,-29978,-29979,-29979,-29980,-29987]} 1. Nf3 d5 2. g3 c5 3. Bg2 Nc6 4. d4 e6 5. O-O Nf6 6. c4 cxd4 7. Nxd4 Be7 8. Nc3 O-O 9. cxd5 exd5 10. Bf4 Qb6 11. Ncb5 {D34: Tarrasch Defence: 6 g3 Nf6 7 Bg2 Be7} (11. Be3 $14) (11. Nxc6 bxc6 12. Qd2 Bb4 13. a3 Bxc3 14. Qxc3 Ne4 15. Qb4 Be6 16. Rac1 Rfc8 17. Rc2 c5 18. Qxb6 axb6 {1-0 (31) Demidov,M (2511)-Ozgibcev,A (2376) Sochi 2018}) 11... Nxd4 12. Nxd4 Ne4 $146 ({Predecessor:} 12... Bb4 13. h3 Bd7 14. Qd3 Bc5 15. Be3 Rfe8 16. Rfd1 Ne4 17. a3 Ba4 18. Rdc1 Nxg3 19. Rxc5 Qxc5 20. fxg3 {½-½ (40) Sujkowski,P (2000)-Winiarski,M (1857) Warsaw 2011}) 13. Qd3 {White is slightly better.} Bf6 14. Be3 Re8 15. Rfd1 Bg4 16. Nb3 Qe6 17. f3 {Strongly threatening Bd4.} Nd6 (17... Nc3 $11 {keeps the balance.} 18. bxc3 Bf5) 18. Bf2 (18. Bf4 $16 Bf5 19. e4 $1 {[%mdl 512]} (19. Qxd5 Nc4 $11)) 18... Bf5 $1 $14 {[%cal Rf5d3]} 19. e4 $36 {[%mdl 2048] White has some pressure.} dxe4 20. Qxd6 e3 21. Be1 Bxb2 {Hoping for ...Qxd6.} 22. Qxe6 fxe6 23. Rab1 Bxb1 24. Rxb1 Ba3 25. f4 {[%mdl 1024] White has strong compensation.} Rac8 26. Be4 Red8 27. Kg2 Rc4 28. Kf3 e2 29. Nd2 ({Don't go for} 29. Bxb7 $2 Rd1 $19) 29... Rcd4 30. Rb3 $2 (30. Ke3 $1 $14 {stays ahead.}) 30... Bb4 $19 31. Re3 $2 (31. Rxb4 $17 Rxb4 32. Ke3) 31... Bxd2 32. Rxe2 Bxe1 33. Rxe1 {[%mdl 4096] Endgame KRR-KRB} Rd1 34. Re3 b5 {Played: Rd1-d2} 0-1

[Event "VII Famalicao Open 2019"]
[Site "Famalicao"]
[Date "2019.07.31"]
[Round "5.7"]
[White "Fidalgo, Andre Neves"]
[Black "Fernandes, Ricardo Paulos"]
[Result "1-0"]
[WhiteElo "2262"]
[BlackElo "2007"]
[Annotator "NA"]
[PlyCount "55"]
[EventDate "2019.07.28"]
[EventType "swiss"]
[EventCountry "POR"]
[SourceTitle "playchess.com"]
[Source "ChessBase"]
[SourceQuality "1"]
[TimeControl "5400+30"]

1. d4 {[%emt 0:00:00]} Nf6 {[%emt 0:00:00]} 2. c4 {[%emt 0:00:00]} g6 {[%emt 0:00:00]} 3. Nf3 {[%emt 0:00:05]} Bg7 {[%emt 0:00:00]} 4. g3 {[%emt 0:00:09]} O-O {[%emt 0:00:00]} 5. Bg2 {[%emt 0:00:08]} d6 {[%emt 0:00:00]} 6. O-O {[%emt 0:00:10]} c6 {[%emt 0:02:02]} 7. Nc3 {[%emt 0:00:09]} Nbd7 8. Qc2 {[%emt 0:02:11]} e5 {[%emt 0:01:14]} 9. Rd1 {[%emt 0:00:08]} Qc7 {[%emt 0:00:28]} 10. e4 {[%emt 0:01:44]} h6 {[%emt 0:00:53]} 11. b3 {[%emt 0:03:13]} exd4 {[%emt 0:17:07]} 12. Nxd4 {[%emt 0:01:54]} Re8 {[%emt 0:00:05]} 13. h3 {[%emt 0:03:01]} a5 {[%emt 0:00:50]} 14. Bf4 {[%emt 0:06:16]} Nh5 {[%emt 0:08:44]} 15. Be3 {[%emt 0:00:14]} Nc5 {[%emt 0:00:17]} 16. g4 {[%emt 0:08:39]} Nf6 {[%emt 0:00:38]} 17. Bf4 {[%emt 0:00:50]} Bd7 {[%emt 0:10:13]} 18. Rab1 {[%emt 0:06:14]} Rad8 {[%emt 0:00:52]} 19. a3 {[%emt 0:00:40]} Bc8 {[%emt 0:00:24]} 20. b4 {[%emt 0:00:27]} axb4 {[%emt 0:02:47]} 21. axb4 {[%emt 0:00:10]} Ne6 {[%emt 0:00:03]} 22. Nxe6 {[%emt 0:00:43]} Rxe6 {[%emt 0:04:50]} 23. c5 {[%emt 0:00:23]} Ne8 {[%emt 0:01:43]} 24. cxd6 {[%emt 0:01:38]} Qd7 {[%emt 0:00:04]} 25. Na4 {[%emt 0:00:23]} Nxd6 {[%emt 0:01:18]} 26. Nc5 {[%emt 0:00:31]} Qe7 {[%emt 0:00:07]} 27. Nxe6 {[%emt 0:00:12]} Bxe6 {[%emt 0:00:09]} 28. Qd2 {[%emt 0:00:54]} 1-0

[Event "VII Famalicao Open 2019"]
[Site "Famalicao"]
[Date "2019.07.31"]
[Round "5.8"]
[White "Fidalgo, Daniel"]
[Black "Pinho, Paulo"]
[Result "1/2-1/2"]
[WhiteElo "2087"]
[BlackElo "2200"]
[Annotator "NA"]
[PlyCount "82"]
[EventDate "2019.07.28"]
[EventType "swiss"]
[EventCountry "POR"]
[SourceTitle "playchess.com"]
[Source "ChessBase"]
[SourceQuality "1"]
[TimeControl "5400+30"]

1. c4 {[%emt 0:00:00]} Nf6 {[%emt 0:00:06]} 2. g3 {[%emt 0:00:00]} g6 {[%emt 0:00:26]} 3. Bg2 {[%emt 0:00:17]} Bg7 {[%emt 0:00:09]} 4. Nc3 {[%emt 0:00:15]} O-O {[%emt 0:00:30]} 5. e4 {[%emt 0:00:14]} c5 {[%emt 0:04:47]} 6. Nge2 {[%emt 0:00:15]} Nc6 {[%emt 0:01:50]} 7. O-O {[%emt 0:00:34]} d6 {[%emt 0:03:52]} 8. d3 {[%emt 0:03:36]} a6 {[%emt 0:05:14]} 9. h3 {[%emt 0:03:17]} Rb8 {[%emt 0:13:16]} 10. Be3 {[%emt 0:06:06]} b5 {[%emt 0:02:55]} 11. b3 {[%emt 0:00:46]} Ne8 {[%emt 0:02:49]} 12. Rc1 {[%emt 0:08:53]} Nc7 {[%emt 0:15:07]} 13. cxb5 {[%emt 0:09:38]} axb5 {[%emt 0:00:07]} 14. d4 {[%emt 0:00:12]} b4 {[%emt 0:00:47]} 15. Nd5 {[%emt 0:11:02]} Nxd5 {[%emt 0:09:44]} 16. exd5 {[%emt 0:00:23]} Nxd4 {[%emt 0:00:12]} 17. Nxd4 {[%emt 0:01:09]} cxd4 {[%emt 0:00:07]} 18. Bxd4 {[%emt 0:00:06]} Bxd4 {[%emt 0:00:34]} 19. Qxd4 {[%emt 0:00:14]} Qa5 {[%emt 0:00:15]} 20. Qd2 {[%emt 0:01:21]} Ra8 {[%emt 0:00:21]} 21. Rfe1 {[%emt 0:00:55]} Re8 {[%emt 0:00:57]} 22. Rc4 {[%emt 0:01:21]} Qxa2 {[%emt 0:02:46]} 23. Qxa2 {[%emt 0:01:19]} Rxa2 {[%emt 0:00:05]} 24. Rxb4 {[%emt 0:00:05]} e5 {[%emt 0:03:34]} 25. Rb6 {[%emt 0:10:07]} Ra6 {[%emt 0:03:45]} 26. Rc6 {[%emt 0:04:16]} Kf8 {[%emt 0:01:56]} 27. Rec1 {[%emt 0:00:23]} Bb7 {[%emt 0:05:38]} 28. Rxa6 {[%emt 0:04:40]} Bxa6 {[%emt 0:00:03]} 29. Rc6 {[%emt 0:00:09]} Bd3 {[%emt 0:01:59]} 30. Rxd6 {[%emt 0:04:05]} Rb8 {[%emt 0:01:41]} 31. Rd7 {[%emt 0:00:27]} Rxb3 {[%emt 0:01:35]} 32. d6 {[%emt 0:00:16]} Rb1+ {[%emt 0:00:41]} 33. Kh2 {[%emt 0:00:08]} Bf5 {[%emt 0:00:40]} 34. Re7 {[%emt 0:09:28]} Be6 {[%emt 0:04:47]} 35. Bc6 {[%emt 0:00:25]} Rb8 {[%emt 0:00:07]} 36. Bd7 {[%emt 0:01:00]} Bxd7 {[%emt 0:04:51]} 37. Rxd7 {[%emt 0:00:12]} Kg7 {[%emt 0:01:40]} 38. Kg2 {[%emt 0:00:52]} Kf6 {[%emt 0:00:22]} 39. Kf3 {[%emt 0:00:22]} Rb4 {[%emt 0:02:08]} 40. Ke3 {[%emt 0:01:13]} h5 {[%emt 0:00:30]} 41. h4 {[%emt 0:00:48]} Ke6 {[%emt 0:02:04] Ke4} 1/2-1/2